Manejo de páramos / (Registro nro. 9060)

Detalles MARC
000 -CABECERA
Campo de control 01361cam a2200301 i 4500
005 - FECHA Y HORA DE LA ULTIMA TRANSACCION
Campo de control 20191224041959.0
008 - ELEMENTOS DE LONGITUD FIJA—INFORMACION GENERAL
Campo de control 120912s2011 ec a b 000 0 spa
020 ## - ISBN
ISBN 9789942111005
040 ## - FUENTE DE CATALOGACIÓN
Agencia catalogadora original DLC
Agencia transcriptora DLC
Agencia Modificadora Co-BoIAVH
041 ## - IDIOMA
Código de idioma para texto/pista de sonido o título separado Español
044 ## - PAÍS DE PUBLICACIÓN
País de publicación Colombia
082 04 - NUMERO DE CLASIFICACION DECIMAL DEWEY
Número de clasificación 577.38
Número del ítem T12m
100 1# - ASIENTO PRINCIPAL--NOMBRE PERSONAL
Nombre personal Tapia Caicedo, Carlos Hernando
245 00 - MENCION DE TITULO
Título Manejo de páramos /
Mención de responsabilidad Carlos Tapia, Andrea Buitrago, Gabriela López, Brigitte LG Baptiste, Adriana Vásquez, Milena Armero.
260 ## - PUBLICACION, DISTRIBUCION, ETC. (PIE DE IMPRENTA)
Lugar de publicación, distribución, etc. Bogotá:
Nombre del editor, distribuidor, etc. Instituto de Investigación de Recursos Biológicos Alexander von Humboldt,
Fecha de publicación, distribución, etc. 2011.
300 ## - DESCRIPCION FISICA
Extensión 293 p. :
Otros detalles físicos ilustraciones a color;
Dimensiones 30 cm.
490 0# - MENCION DE SERIE
Mención de serie Páramos andinos
500 ## - NOTA GENERAL
Nota general "Noviembre 2011."
504 ## - NOTA DE BIBLIOGRAFIA, ETC.
Nota de bibliografía Incluye referencias bibliográficas (p. 282-291).
505 0# - NOTA DE CONTENIDO
Nota de contenido Planes de manejo / Carlos Tapia, Andrea Buitrago -- Planes de manejo participativos / Gabriela López -- Ordenamiento territorial en áreas de páramo / Brigitte LG Baptiste, Adriana Vásquez -- ¿Actividades agropecuarias en los páramos? / Milena Armero.
650 #0 - ASIENTO SECUNDARIO DE MATERIA - TERMINO TEMATICO
Término temático o nombre geográfico como elemento de entrada Gestión de ecosistmas
Subdivisión geográfica Región Andina,
650 #0 - ASIENTO SECUNDARIO DE MATERIA - TERMINO TEMATICO
Término temático o nombre geográfico como elemento de entrada Páramos
Subdivisión geográfica Región Andina.
700 1# - ASIENTO SECUNDARIO - NOMBRE PERSONAL
Nombre personal Buitrago, Andrea
700 1# - ASIENTO SECUNDARIO - NOMBRE PERSONAL
Nombre personal López, Gabriela
700 1# - ASIENTO SECUNDARIO - NOMBRE PERSONAL
Nombre personal Baptiste-Ballera, Brigitte L. G.
710 2# - ASIENTO SECUNDARIO - NOMBRE CORPORATIVO
Nombre corporativo o de jurisdicción como elemento de entrada Proyecto Páramo Andino.
942 ## - ELEMENTOS ADICIONALES (KOHA)
Sistema de clasificación Dewey Decimal Classification
Tipo de ítem Libro
Koha issues (borrowed), all copies 5
Existencias
Withdrawn status Lost status Sistema de Clasificación Damaged status No para préstamo Colección Inventariado Ubicación Permanente Ubicación actual Fecha de adquisición Fuente de Valor Valor Total Checkouts Número topográfico Inventario / Código de Barras Date last seen Date checked out Ejemplar Price effective from Forma de adquisición Tipo de material
    Dewey Decimal Classification     Humboldt Inventariado 2017 Bogotá Bogotá 14/02/2015 Instituto 39000.00 7 IAVH-577.38 T12m 038776 12/03/2019 12/03/2019 Ej. 1 14/02/2015 Institucional Libro
    Dewey Decimal Classification     Humboldt Inventariado 2017 Sala Fabio Quevedo Sala Fabio Quevedo 17/06/2016 Instituto 39000.00   IAVH-577.38 T12m 040468 17/06/2016   Ej. 2 17/06/2016 Donación Libro